000 00738nam a22002297a 4500
999 _c90484
_d90484
005 20250516092513.0
008 250516b ||||| |||| 00| 0 eng d
020 _a9781984679147
041 _aeng
082 0 0 _223
_a647.94068
245 _a Customer care, service & hospitality ethics
264 1 _aNew York, NY:
_b3G E-learning LLC,
_c[2023]
264 4 _c©2023
300 _a xiv, 395 pages :
_bcolor illustrations ;
_c26 cm
336 _atext
_btxt
_2rdacontent
337 _aunmediated
_bn
_2rdamedia
338 _avolume
_bnc
_2rdacarrier
504 _aIncludes bibliographical references and index.
650 0 _aHospitality industry
_xManagement.
650 0 _aHospitality industry
_xCustomer services.
942 _2ddc
_cBK